Tax Planning of Transnational Corporations and Alliation of the BEPS Initiative

Teoretické možnosti a praktické aplikácie daňového plánovania na úrovni nadnárodných spoločností. Daňové aspekty na úrovni daňovej optimalizácie až po daňové úniky, kam patrí aj transferové oceňovanie. Cieľom daňového plánovania je minimalizácia alebo optimalizácia daní, hľadanie optimálnych variant...

Description complète

Enregistré dans:
Détails bibliographiques
Auteur principal: Harumová, Anna, 1955-
Autres auteurs: Móžiová, Darina, 1985-
Format: Chapitre de livre
Langue:anglais
Sujets:
Tags: Ajouter un tag
Pas de tags, Soyez le premier à ajouter un tag!

MARC

LEADER 00000naa a2200000 4500
001 0280787
005 20240502074348.1
041 0 |a eng 
044 |a SK 
245 1 0 |a Tax Planning of Transnational Corporations and Alliation of the BEPS Initiative  |c Anna Harumová, Darina Móžiová 
520 |a Teoretické možnosti a praktické aplikácie daňového plánovania na úrovni nadnárodných spoločností. Daňové aspekty na úrovni daňovej optimalizácie až po daňové úniky, kam patrí aj transferové oceňovanie. Cieľom daňového plánovania je minimalizácia alebo optimalizácia daní, hľadanie optimálnych variantov právnej formy podnikania, riešenie obchodných transakcií. 
610 2 0 |a únik daňový 
610 2 0 |a dane z hodnoty pridanej 
610 2 0 |a oceňovanie transferové 
610 2 0 |a kontrola daňová 
100 1 |a Harumová, Anna, 1955- 
700 1 |a Móžiová, Darina, 1985-